| 000 | 00838cam a22002891 4500 | ||
|---|---|---|---|
| 001 | sa 67002753 | ||
| 003 | DLC | ||
| 005 | 20260227112333.0 | ||
| 008 | 840913s1966 ii 000 0 eng | ||
| 010 | _asa 67002753 | ||
| 025 | _aPL480:I-E-7705 | ||
| 035 | _a(OCoLC)11151430 | ||
| 040 |
_aDLC _cWU _dDLC |
||
| 042 | _apremarc | ||
| 050 | 0 | 0 |
_aB5134.O8 _bQ4 |
| 082 | _a901.9 | ||
| 100 | 1 |
_aOsborne, Arthur, _d1906-1970. |
|
| 245 | 1 | 4 | _aThe question of progress. |
| 250 | _a[1st ed.] | ||
| 260 |
_aBombay, _bBharatiya Vidya Bhavan, _c1966. |
||
| 300 |
_a54 p. _c19 cm. |
||
| 490 | 1 |
_aPrincipal Miller Endowment lectures of Madras University, _v1965 |
|
| 490 | 0 |
_aBhavan's Book University. Rupee series, _v51 |
|
| 650 | 0 |
_aHistory _xPhilosophy. |
|
| 650 | 0 |
_aReligion _xPhilosophy. |
|
| 830 | 0 |
_aPrincipal Miller lecture ; _v1965. |
|
| 999 |
_c73412 _d73412 |
||